| 000 | 00731nam a22002177a 4500 | ||
|---|---|---|---|
| 999 |
_c19673 _d19673 |
||
| 003 | AR-CdUCM | ||
| 008 | 190520b ||||| |||| 00| 0 spa d | ||
| 040 |
_aMUNICIPALIDAD PROVINCIAL DEL CUSCO _cBIBLIOTECA MUNICIPAL DEL CUSCO |
||
| 082 |
_a123.5 / _bH462 |
||
| 100 |
_aHegel, Georg Wilhelm Friedrich _941154 |
||
| 245 | _aFenomenología del espíritu / | ||
| 260 |
_aLa Habana : _bCiencias sociales, _c1972. |
||
| 300 |
_a483 páginas ; _c23 cm. |
||
| 440 |
_aClásicos de la Filosofía _941155 |
||
| 505 | _aContenido: Conciencia -- Autoconocimiento -- Razón. | ||
| 650 |
_aFenomenología _913000 |
||
| 650 |
_aOntología _915047 |
||
| 650 |
_aIdealismo absoluto _941156 |
||
| 942 |
_2ddc _cLIBROS |
||
| 945 |
_adavv _d2019-05-20 |
||